| 000 | 00662nam a22002172 4500 | ||
|---|---|---|---|
| 001 | 0000001363 | ||
| 005 | 20151217154330.0 | ||
| 008 | 070306s xx 000 0 eng d | ||
| 020 |
_a0198776225 : _cKES 4,649 |
||
| 040 |
_aKABU _cKABU |
||
| 050 | 0 |
_aHB172.5 _b.C37 |
|
| 100 | 1 |
_aCarlin, Wendy. _@0000150026 |
|
| 245 | 1 | 0 |
_aMacroeconomics : _bimperfections, institutions and policies / _cWendy Carlin and David Soskie. |
| 260 |
_aOxford : _bOUP, _c2006. |
||
| 300 | _axlii, 810 p. | ||
| 650 | 0 |
_aMacroeconomics. _@0000149933 |
|
| 700 | 1 |
_aSoskie, David. _@0000150027 |
|
| 908 | _a070306 | ||
| 950 | _@1 | ||
| 999 |
_c10547 _d10547 |
||